<?xml version="1.0" encoding="UTF-8"?>
<marc:record xmlns:marc="http://www.loc.gov/MARC21/slim">
   <marc:leader>00000nam a2200000 a 4500</marc:leader>
   <marc:datafield ind1="1" ind2=" " tag="100">
      <marc:subfield code="a">Paasilinna, Arto</marc:subfield>
      <marc:subfield code="4">aut</marc:subfield>
      <marc:subfield code="e">Verfasser/-in</marc:subfield>
   </marc:datafield>
   <marc:datafield ind1=" " ind2=" " tag="653">
      <marc:subfield code="a">Spannung</marc:subfield>
   </marc:datafield>
   <marc:datafield ind1="0" ind2="0" tag="245">
      <marc:subfield code="a">Adams Pech, die Welt zu retten</marc:subfield>
   </marc:datafield>
   <marc:datafield ind1="1" ind2=" " tag="490">
      <marc:subfield code="a">CD 31</marc:subfield>
   </marc:datafield>
   <marc:datafield ind1="1" ind2=" " tag="520">
      <marc:subfield code="a">Aatami Rytmättylä hat den Weg aus der drohenden Energiekrise gefunden: einen kleinen Akkumulator, der Strom im Überfluss liefern kann. Um diese Erfindung einzusetzen, benötigt Aatami jede Menge Geld, er hat jedoch keins. Zum Glück nimmt sich Eeva Kontupohja, Strafverteidigerin und Quartalssäuferin, des vom Pech verfolgten Weltretters an. Doch die umweltfreundliche Energiequelle stößt nicht uneingeschränkt auf Gegenliebe. Die Ölscheichs sehen darin eine Gefahr für ihren Reichtum und setzen ein Killerkommando auf ihn an.</marc:subfield>
   </marc:datafield>
   <marc:datafield ind1=" " ind2=" " tag="020">
      <marc:subfield code="a">9783785744802</marc:subfield>
      <marc:subfield code="9">9783785744802</marc:subfield>
   </marc:datafield>
</marc:record>
